Action research : a guide for the teacher researcher /
Saved in:
| Main Author: | |
|---|---|
| Format: | Book |
| Published: |
Upper Saddle River, N.J. :
Pearson Merrill Prentice Hall,
c2007.
|
| Edition: | 3rd ed. |
| Subjects: | |
| Tags: |
Add Tag
No Tags, Be the first to tag this record!
|
MARC
| LEADER | 00000cam a2200000 a 4500 | ||
|---|---|---|---|
| 005 | 20260418142757.0 | ||
| 020 | |a 013172276X |c TZS 23,850/= | ||
| 020 | |a 9780131722767 | ||
| 040 | |a MCCL |b eng. |e AACR 2nd rev. ed. | ||
| 082 | 0 | 0 | |a 370.72 MIL |
| 100 | 1 | |a Mills, Geoffrey E. | |
| 245 | 1 | 0 | |a Action research : |b a guide for the teacher researcher / |c Geoffrey E. Mills. |
| 250 | |a 3rd ed. | ||
| 260 | |a Upper Saddle River, N.J. : |b Pearson Merrill Prentice Hall, |c c2007. | ||
| 300 | |a xvii, 254 p. : |b ill. ; |c 24 cm. | ||
| 504 | |a Includes bibliographical references (p. 241-243) and indexes. | ||
| 546 | |a eng. | ||
| 650 | 0 | |a Action research in education |z United States |v Handbooks, manuals, etc. | |
| 650 | 0 | |a Teaching |z United States |v Handbooks, manuals, etc. | |
| 942 | |c BK | ||
| 999 | |c 12692 |d 12692 | ||